000 00719cab a2200241 4500
001 ABS55389
008 090401t1996 xxu||||| |||| 00| 0 eng d
035 _a(Sirsi) u16117
041 _aeng
100 _aHoare, S.
245 _aClients tune in to `Total FM`
260 _c1996
350 _a0
490 _aContract Journal
_v6 June 1996, 24-25(2)
520 _aDiscusses how the big construction companies are adapting to the growing facilities management market. Lists the market leaders.
650 _aCONTRACTORS
650 _aFACILITIES MANAGEMENT
_96240
650 _aOFFICE MANAGEMENT
650 _aTOTAL FM
690 _aOFFICE SERVICES AND ADMINISTRATION
942 _n0
948 _c04/03/1997
999 _c10597
_d10597